de las calles de las carceles y de las drogas / (Record no. 10548)
[ view plain ]
| 000 -LEADER | |
|---|---|
| campo de control de longitud fija | 01268nam a22003137a 4500 |
| 001 - NÚMERO DE CONTROL | |
| campo de control | 10547 |
| 003 - IDENTIFICADOR DE NÚMERO DE CONTROL | |
| campo de control | UCATEBA |
| 005 - FECHA Y HORA DE LA ÚLTIMA TRANSACCIÓN | |
| campo de control | 20260630042349.0 |
| 006 - CÓDIGOS DE INFORMACIÓN DE LONGITUD FIJA--CARACTERÍSTICAS DEL MATERIAL ADICIONAL | |
| campo de control de longitud fija | a |
| 007 - CAMPO FIJO DE DESCRIPCIÓN FÍSICA--INFORMACIÓN GENERAL | |
| campo de control de longitud fija | a |
| 008 - DATOS DE LONGITUD FIJA--INFORMACIÓN GENERAL | |
| campo de control de longitud fija | 260629b |||||||| |||| 00| 0 eng d |
| 020 ## - NÚMERO INTERNACIONAL ESTÁNDAR DEL LIBRO | |
| Número Internacional Estándar del Libro | 888-6-0 |
| 040 ## - FUENTE DE CATALOGACIÓN | |
| Centro catalogador/agencia de origen | DO-BaUCT |
| Lengua de catalogación | spa |
| Centro/agencia transcriptor | DO-BaUCT |
| Normas de descripción | rda |
| 041 0# - CÓDIGO DE IDIOMA | |
| Código de lengua del texto/banda sonora o título independiente | spa |
| Código de lengua original | spa |
| 082 0# - NÚMERO DE LA CLASIFICACIÓN DECIMAL DEWEY | |
| Información de edición | (22) |
| Número de clasificación | RD364.25 |
| Número de ítem | Ar45c |
| 090 ## - LOCALMENTE ASIGNADO TIPO-LC NÚMERO DE CLASIFICACIÓN (OCLC); NÚMERO DE CLASIFICACIÓN LOCAL (RLIN) | |
| Número de clasificación (OCLC) (R) ; Numero de clasificación, CALL (RLIN) (NR) | RD364.25 Ar45c |
| 100 1# - ENTRADA PRINCIPAL--NOMBRE DE PERSONA | |
| Nombre de persona | Aristy, Julian German, |
| Término indicativo de función/relación | autor |
| 245 17 - MENCIÓN DEL TÍTULO | |
| Título | de las calles de las carceles y de las drogas / |
| Mención de responsabilidad, etc. | Julian German Aristy. |
| 264 1# - PRODUCCIÓN, PUBLICACIÓN, DISTRIBUCIÓN, FABRICACIÓN Y COPYRIGHT | |
| Producción, publicación, distribución, fabricación y copyright | Santo Domingo, República Dominicana : |
| Nombre del de productor, editor, distribuidor, fabricante | Secretaría de Estado de Cultura, |
| 300 ## - DESCRIPCIÓN FÍSICA | |
| Extensión | 93páginas ; |
| Dimensiones | 21cm |
| 336 ## - TIPO DE CONTENIDO | |
| Fuente | rdacontent |
| Término de tipo de contenido | texto |
| Código de tipo de contenido | txt |
| 337 ## - TIPO DE MEDIO | |
| Fuente | rdamedia |
| Nombre/término del tipo de medio | sin mediación |
| Código del tipo de medio | n |
| 338 ## - TIPO DE SOPORTE | |
| Fuente | rdacarrier |
| Nombre/término del tipo de soporte | volumen |
| Código del tipo de soporte | nc |
| 500 ## - NOTA GENERAL | |
| Nota general | Estudio social y testimonial sobre la marginalidad de las calles, la adicción a las drogas, la vida en los centros penitenciarios dominicanos y los procesos de reinserción social |
| 650 #4 - PUNTO DE ACCESO ADICIONAL DE MATERIA--TÉRMINO DE MATERIA | |
| Fuente del encabezamiento o término | Armarc |
| Término de materia o nombre geográfico como elemento de entrada | Delincuencia Juvenil |
| Subdivisión general | República Dominicana. |
| 650 #4 - PUNTO DE ACCESO ADICIONAL DE MATERIA--TÉRMINO DE MATERIA | |
| Fuente del encabezamiento o término | Armarc |
| Término de materia o nombre geográfico como elemento de entrada | Drogadicción |
| Subdivisión general | Aspectos sociales |
| Subdivisión geográfica | República Dominicana. |
| 650 #4 - PUNTO DE ACCESO ADICIONAL DE MATERIA--TÉRMINO DE MATERIA | |
| Fuente del encabezamiento o término | Armarc |
| Término de materia o nombre geográfico como elemento de entrada | Prisiones |
| Subdivisión geográfica | República Dominicana |
| Subdivisión general | Relatos personales. |
| 942 ## - ELEMENTOS DE ENTRADA SECUNDARIOS (KOHA) | |
| Fuente de la clasificación o esquema de estantería | Clasificación Decimal Dewey |
| Tipo de ítem Koha | Libros |
| Parte de clasificación | RD364.25 Ar46c |
| Prefijo de la signatura | RD364.25 |
| Sufijo de signatura topográfica | Ar46c |
| Suprimir en OPAC | No |
| Estatus retirado | Estado de pérdida | Fuente de la clasificación o esquema de estantería | Estado de daño | No para préstamo | Colección | Biblioteca de origen | Biblioteca actual | Fecha de adquisición | Fuente de adquisición | Total de préstamos | Signatura topográfica completa | Código de barras | Visto por última vez | Copia número | Precio de reemplazo | Tipo de ítem Koha |
|---|---|---|---|---|---|---|---|---|---|---|---|---|---|---|---|---|
| Clasificación Decimal Dewey | Acervo general de Libros | Biblioteca Central Mons. Favio M. Rivas S. | Biblioteca Central Mons. Favio M. Rivas S. | 29/06/2026 | Donado | RD364.25 Ar45c | 000000013943 | 29/06/2026 | 1 | 29/06/2026 | Libros |
